00382nam a2200145 i 4500001000700000003000900007007000300016008004100019100002500060245005600085260003300141300002200174700001900196852002100215129360ES-MaACLt|070612s1917 fr ||||1| fre d1 aTharaud, Jérôme.12aL'ombre de la croix / cJérôme et Jean Tharaud. aParís : b[Chaix], c1917. a341 p. ; c19 cm.1 aTharaud, Jean. aES-MaACLjG-1338